01314naa a22003617a 4500001001000000003000900010005001700019007000300036008003400039040005400073041000900127072002000136090001800156100001600174100001900190100002600209245011600235260003400351500010700385650001100492650001400503650001300517650001500530650001400545650001800559650002800577650002500605773010400630909003600734942001400770999001900784952014900803BR8105358BR-BrBNA20240918174840.0ta230509b bl.||||| |||| 00| 0 por d aBR-BrBNAbporcBiblioteca Nacional de Agricultura a(Pt) aH20b1410b4120 aH20 BR81053581 aMiranda, P.1 aCosta, A.F. da1 aPortela, M.C.L. da S.1 aCompeticao de linhas de elite de feijao - Phaseolus vulgaris L. [fungo, comportamento de variedade, rendimento]3 aRecife, PE (Brasil): c1981.  aAtuacao do IPA no ambito do POLONORDESTE Recife, PE (Brasil): 1981. v. 2 p. 250-254 (BR8105358-AM)H20  aFEIJAO aVARIEDADE aFERRUGEM aANTRACNOSE aFUSARIOSE aPRODUTIVIDADE aCOMPETICAO DE VARIEDADE aVARIEDADE RESISTENTE0 tAtuacao do IPA no ambito do POLONORDESTEwH20 BR8105358gRecife, PE (Brasil), 1981. v. 2 p. 250-254 a202404bLuciac55dLucia Elande cAM2AGRIS c313988d313988 002AGRIS40708Acervo Gerala41918b41918cAgrobasel0o0100 BR8105301r2024-05-20t01yAM10d2024-04-11ePortaria Interministerial nÂș 164/94